00401nam a2200157Ia 4500008004100000041000800041082002100049100002600070245003200096250000800128260003300136300001000169650002400179650001800203700002200221260407s2024 xx 000 0 und d aeng a615.6/NEMb11543 aDR. RAJESH KUMAR NEMA aNOVEL DRUG DELIVERY SYSTEMS a2ND aPUNEbNIRLAI PRAKASHANc2024 a5.18p aNOVEL DRUG DELIVERY aPHARMACEUTICS aDR. HARISH SHARMA